[Event "XIV Weekend B"]
[Site "Porto Sant'Elpidio ITA"]
[Date "2011.11.19"]
[Round "1"]
[White "Agostinelli, Matteo"]
[Black "Basso, Fabrizio"]
[Result "0-1"]
[WhiteElo "1619"]
[BlackElo "1754"]
[PlyCount "56"]
[EventDate "2011.11.19"]

1. d4 Nf6 2. c4 e6 3. Nc3 Bb4 4. e3 O-O 5. a3 Bxc3+ 6. bxc3 c5 7. Nf3 d5 8. Qc2
Nbd7 9. Rb1 b6 10. a4 Qc7 11. Ba3 Ba6 12. Nd2 Bb7 13. f3 Rfe8 14. Bd3 e5 15.
O-O Rac8 16. Rbc1 exd4 17. exd4 cxd4 18. cxd4 Qf4 19. Qb2 Qe3+ 20. Rf2 Qxd3 21.
c5 Re6 22. Nb3 Rce8 23. Rd2 Re1+ 24. Kf2 Qe3+ 25. Kg3 Ne4+ 26. Kh4 Qh6+ 27. Kg4
Ndf6+ 28. Kf5 Bc8# 0-1

[Event "XIV Weekend B"]
[Site "Porto Sant'Elpidio ITA"]
[Date "2011.11.19"]
[Round "1"]
[White "Bonoli, Luciano"]
[Black "Marchetti, Michael"]
[Result "0-1"]
[WhiteElo "1764"]
[BlackElo "1629"]
[PlyCount "74"]
[EventDate "2011.11.19"]

1. c4 Nf6 2. g3 c6 3. Bg2 d5 4. cxd5 cxd5 5. d4 e6 6. Nc3 a6 7. Nf3 b5 8. a3
Bb7 9. O-O Nbd7 10. Bf4 Rc8 11. Rc1 Be7 12. Re1 O-O 13. Ne5 Nb6 14. Nf3 Nc4 15.
Rb1 Nxa3 16. Rc1 Nc4 17. Rc2 Qb6 18. Qc1 Bb4 19. Bd2 Nxd2 20. Nxd2 Qxd4 21. Rd1
Qb6 22. e3 Rc7 23. Ndb1 Rfc8 24. Rd3 Nd7 25. Qd1 Ne5 26. Rd4 Bc5 27. Rdd2 Nc4
28. Re2 Bxe3 29. fxe3 Nxe3 30. Qd3 Nxc2+ 31. Kh1 Nb4 32. Qd1 d4 33. h4 dxc3 34.
Nxc3 Bxg2+ 35. Rxg2 Qc6 36. Kh2 Rd7 37. Qe2 Rcd8 0-1

[Event "XIV Weekend B"]
[Site "Porto Sant'Elpidio ITA"]
[Date "2011.11.19"]
[Round "1"]
[White "Cristicchia, Matteo"]
[Black "Maggiore, Francesco"]
[Result "0-1"]
[WhiteElo "1607"]
[BlackElo "1751"]
[PlyCount "112"]
[EventDate "2011.11.19"]

1. e4 e6 2. d4 d5 3. e5 c5 4. c3 Nc6 5. Nf3 Qb6 6. a3 a5 7. Be2 cxd4 8. cxd4
Nge7 9. b3 Nf5 10. Bb2 Bd7 11. O-O Rc8 12. Re1 Be7 13. Qd3 O-O 14. Qb5 Qxb5 15.
Bxb5 Nxe5 16. Nxe5 Bxb5 17. Nc3 Ba6 18. Rac1 Bd6 19. Nf3 b5 20. g4 Ne7 21. h3
b4 22. axb4 Bxb4 23. Re3 Ng6 24. Ng5 h6 25. Nf3 Nf4 26. Ne5 f6 27. Nd7 Rfd8 28.
Nb6 Rc6 29. Nba4 Rdc8 30. Na2 Ne2+ 31. Rxe2 Bxe2 32. Rxc6 Rxc6 33. Nxb4 axb4
34. Nc5 e5 35. Kg2 Kf7 36. Kg3 Ke7 37. f4 Rc7 38. Kf2 Bb5 39. fxe5 fxe5 40. Ke3
Kd6 41. h4 g5 42. hxg5 hxg5 43. Nd3 exd4+ 44. Bxd4 Bxd3 45. Kxd3 Ke6 46. Bb2
Rh7 47. Bc1 Rh3+ 48. Kd4 Rxb3 49. Bxg5 Rg3 50. Bd2 Rxg4+ 51. Kd3 Rc4 52. Bh6 b3
53. Bg7 Kd6 54. Bh8 Kc5 55. Bb2 Kb4 56. Ke3 Rc2 0-1

[Event "XIV Weekend B"]
[Site "Porto Sant'Elpidio ITA"]
[Date "2011.11.19"]
[Round "1"]
[White "Morelli, Basilio"]
[Black "Piergentili, Roberto"]
[Result "1-0"]
[WhiteElo "1524"]
[BlackElo "1735"]
[PlyCount "69"]
[EventDate "2011.11.19"]

1. d4 d5 2. c4 c6 3. cxd5 cxd5 4. Nc3 Nf6 5. Bf4 Nc6 6. e3 a6 7. Bd3 e6 8. Nge2
Be7 9. O-O Nh5 10. Rc1 Nxf4 11. Nxf4 O-O 12. Qh5 f5 13. a3 Rf6 14. Qd1 Bd7 15.
Re1 g5 16. Nfe2 Bd6 17. f3 Qe8 18. e4 Rh6 19. Ng3 Bxg3 20. hxg3 Qh5 21. exf5
exf5 22. Nxd5 Qh2+ 23. Kf2 f4 24. Rg1 Qxg3+ 25. Kf1 Re8 26. Bc4 Be6 27. a4 Ne7
28. Nxe7+ Rxe7 29. Bxe6+ Rhxe6 30. d5 Rd6 31. Rc8+ Kg7 32. Qd4+ Rf6 33. Rc1 Rd7
34. Rh1 Rdd6 35. Rh3 1-0

[Event "XIV Weekend B"]
[Site "Porto Sant'Elpidio ITA"]
[Date "2011.11.19"]
[Round "1"]
[White "Ramini, Luigi"]
[Black "Claudino Da Graca, Carlos"]
[Result "1/2-1/2"]
[WhiteElo "1754"]
[BlackElo "1616"]
[PlyCount "58"]
[EventDate "2011.11.19"]

1. d4 Nf6 2. Bg5 e6 3. e4 Be7 4. Bd3 d5 5. e5 Nfd7 6. Bxe7 Qxe7 7. f4 Qb4+ 8.
Qd2 Qxb2 9. Ne2 Nc6 10. Qc3 Qxc3+ 11. Nbxc3 a6 12. a3 b5 13. Na2 Nb6 14. Nb4
Bd7 15. c3 Nc4 16. O-O O-O 17. Ng3 a5 18. Nxc6 Bxc6 19. Nh5 Be8 20. Ng3 f5 21.
exf6 Rxf6 22. Rf3 g6 23. Nf1 Bd7 24. h4 Raf8 25. g3 c6 26. Ra2 a4 27. Nh2 h5
28. Nf1 Kg7 29. Ne3 Nd6 1/2-1/2

[Event "XIV Weekend B"]
[Site "Porto Sant'Elpidio ITA"]
[Date "2011.11.19"]
[Round "1"]
[White "Renzetti, Leonardo"]
[Black "Marinucci, Johnny"]
[Result "1-0"]
[WhiteElo "1709"]
[BlackElo "1774"]
[PlyCount "81"]
[EventDate "2011.11.19"]

1. Nf3 Nf6 2. g3 d5 3. c4 c6 4. Bg2 Bf5 5. O-O e6 6. d3 h6 7. b3 Be7 8. Bb2 O-O
9. Nbd2 a5 10. Qc2 Na6 11. a3 b5 12. Ne5 Rc8 13. Ndf3 Qb6 14. Nd4 Bh7 15. Rac1
bxc4 16. bxc4 c5 17. Nb5 dxc4 18. Qxc4 Rb8 19. a4 Nb4 20. Ba3 Rfc8 21. f4 h5
22. f5 Ng4 23. Nxg4 hxg4 24. fxe6 f6 25. Qxg4 c4+ 26. Kh1 cxd3 27. exd3 Rxc1
28. Rxc1 Nxd3 29. Rf1 Bxa3 30. Nxa3 Nf2+ 31. Rxf2 Qxf2 32. Qd1 Qc5 33. Nb5 Qe7
34. Qb3 Bg6 35. Qc4 Rd8 36. Nd4 Be8 37. h4 Kh8 38. Nf5 Qa3 39. Qg4 Qc1+ 40. Kh2
Qc7 41. e7 1-0

[Event "XIV Weekend B"]
[Site "Porto Sant'Elpidio ITA"]
[Date "2011.11.19"]
[Round "1"]
[White "Silvestri, Giorgio"]
[Black "Vannicola, Roberto"]
[Result "1-0"]
[WhiteElo "1730"]
[BlackElo "1449"]
[PlyCount "35"]
[EventDate "2011.11.19"]

1. d4 d5 2. c4 e6 3. Nf3 Nf6 4. Nc3 Be7 5. Bf4 Nbd7 6. e3 a6 7. c5 c6 8. b4 b5
9. a4 Bb7 10. Bd3 Nh5 11. Qc2 Nxf4 12. exf4 h6 13. Ne5 Nxe5 14. fxe5 O-O 15.
Ne2 f6 16. Nf4 Qd7 17. Bh7+ Kf7 18. Qg6# 1-0

[Event "XIV Weekend B"]
[Site "Porto Sant'Elpidio ITA"]
[Date "2011.11.19"]
[Round "1"]
[White "Skrijely, Edin"]
[Black "Antognoni, Nicola"]
[Result "1-0"]
[WhiteElo "1737"]
[BlackElo "1524"]
[PlyCount "67"]
[EventDate "2011.11.19"]

1. e4 e5 2. Nf3 Nc6 3. Bc4 Bc5 4. Nc3 Nf6 5. d3 d6 6. Bg5 Be6 7. Nd5 Bxd5 8.
Bxd5 Nb4 9. d4 exd4 10. Nxd4 Bxd4 11. c3 Bxf2+ 12. Kxf2 Nbxd5 13. Re1 Nb6 14.
e5 dxe5 15. Rxe5+ Kf8 16. Qe2 Nbd7 17. Rd1 Nxe5 18. Rxd8+ Rxd8 19. h3 h6 20.
Bh4 g5 21. Qxe5 gxh4 22. Qxf6 Rd2+ 23. Ke3 Rg8 24. Qxh6+ Ke8 25. Kxd2 Rxg2+ 26.
Kc1 Rg1+ 27. Kc2 Rg2+ 28. Kb3 Rg6 29. Qxh4 Rb6+ 30. Kc2 Re6 31. Qg4 Rg6 32.
Qe4+ Re6 33. Qxb7 Rb6 34. Qxc7 1-0

[Event "XIV Weekend B"]
[Site "Porto Sant'Elpidio ITA"]
[Date "2011.11.20"]
[Round "2"]
[White "Antognoni, Nicola"]
[Black "Piergentili, Roberto"]
[Result "0-1"]
[WhiteElo "1524"]
[BlackElo "1735"]
[PlyCount "52"]
[EventDate "2011.11.19"]

1. e4 c5 2. Nc3 Nc6 3. g3 g6 4. Bg2 Bg7 5. d3 Nf6 6. Be3 d6 7. Qd2 Rb8 8. h3
O-O 9. Bh6 Nd4 10. h4 Nxc2+ 11. Qxc2 Bxh6 12. Nf3 Bg4 13. Ng5 Bg7 14. f3 Bd7
15. g4 h5 16. gxh5 Nxh5 17. Ne2 Qa5+ 18. Kd1 Ba4 19. b3 Bxb3 20. Qxb3 Bxa1 21.
Bh3 Qb4 22. Qd5 Nf6 23. Nxf7 Nxd5 24. Nh6+ Kg7 25. Nf5+ Rxf5 26. exf5 Ne3+ 0-1

[Event "XIV Weekend B"]
[Site "Porto Sant'Elpidio ITA"]
[Date "2011.11.20"]
[Round "2"]
[White "Basso, Fabrizio"]
[Black "Renzetti, Leonardo"]
[Result "1-0"]
[WhiteElo "1754"]
[BlackElo "1709"]
[PlyCount "127"]
[EventDate "2011.11.19"]

1. e4 e6 2. d4 d5 3. Nc3 Nf6 4. Bg5 Be7 5. Bd3 h6 6. Bxf6 Bxf6 7. e5 Be7 8. Qg4
g6 9. Nf3 c5 10. O-O Nc6 11. Rad1 Qb6 12. Bb5 Bd7 13. dxc5 Qxc5 14. Nd4 Nxe5
15. Bxd7+ Nxd7 16. Nxe6 fxe6 17. Qxg6+ Kd8 18. Qxe6 Qc6 19. Rfe1 Bb4 20. Qxd5
Qxd5 21. Rxd5 Bxc3 22. bxc3 Kc7 23. Re7 Rad8 24. f4 Kc6 25. Rd4 Nc5 26. Kf2 Rd6
27. f5 Rf8 28. g4 h5 29. h3 hxg4 30. hxg4 Nd7 31. Kf3 a6 32. Kf4 b5 33. g5 a5
34. Rxd6+ Kxd6 35. Re6+ Kd5 36. Ra6 a4 37. Ra7 Ne5 38. f6 Ng6+ 39. Kf5 Nh4+ 40.
Kg4 Ng6 41. Kh5 Nf4+ 42. Kh6 Ne6 43. f7 Ke5 44. Rb7 Kf4 45. Rxb5 Rxf7 46. g6
Ra7 47. c4 Ke4 48. Rd5 Nf4 49. Rd6 Ke5 50. c5 Ne6 51. Rb6 Ng7 52. c6 Ne6 53.
Rb7 Ra8 54. g7 Nxg7 55. Rxg7 Rc8 56. c7 Kd6 57. Kg5 Rxc7 58. Rxc7 Kxc7 59. Kf4
Kd6 60. Ke3 Kc5 61. a3 Kc4 62. Kd2 Kd4 63. c3+ Kc4 64. Kc2 1-0

[Event "XIV Weekend B"]
[Site "Porto Sant'Elpidio ITA"]
[Date "2011.11.20"]
[Round "2"]
[White "Claudino Da Graca, Carlos"]
[Black "Bonoli, Luciano"]
[Result "1/2-1/2"]
[WhiteElo "1616"]
[BlackElo "1764"]
[PlyCount "88"]
[EventDate "2011.11.19"]

1. d4 Nf6 2. c4 g6 3. Nc3 d5 4. Bf4 c6 5. e3 Bg7 6. Nf3 O-O 7. Qb3 e6 8. Bd3
dxc4 9. Bxc4 Nd5 10. Nxd5 exd5 11. Bd3 Qa5+ 12. Qc3 Qxc3+ 13. bxc3 Re8 14. O-O
Nd7 15. Rfc1 c5 16. c4 cxd4 17. Nxd4 Nc5 18. Bf1 dxc4 19. Bxc4 Ne6 20. Nxe6
Bxe6 21. Rab1 Bxc4 22. Rxc4 b6 23. Rd1 Rad8 24. Rcc1 Rxd1+ 25. Rxd1 b5 26. Kf1
a5 27. Bd6 Bf8 28. Ke2 Rc8 29. Bxf8 Kxf8 30. Rd5 Rc2+ 31. Rd2 Rxd2+ 32. Kxd2
Ke7 33. Kd3 Kd6 34. Kd4 f6 35. f4 f5 36. h3 Kc6 37. g4 Kd6 38. gxf5 gxf5 39. e4
fxe4 40. Kxe4 b4 41. Kd4 a4 42. Kc4 b3 43. axb3 axb3 44. Kxb3 Kd5 1/2-1/2

[Event "XIV Weekend B"]
[Site "Porto Sant'Elpidio ITA"]
[Date "2011.11.20"]
[Round "2"]
[White "Maggiore, Francesco"]
[Black "Morelli, Basilio"]
[Result "1/2-1/2"]
[WhiteElo "1751"]
[BlackElo "1524"]
[PlyCount "79"]
[EventDate "2011.11.19"]

1. d4 d5 2. c4 c6 3. e3 Nf6 4. Nc3 e6 5. Nf3 Be7 6. Bd3 Nbd7 7. Qc2 b6 8. cxd5
exd5 9. Bd2 c5 10. Bb5 a6 11. Bc6 Ra7 12. Nxd5 Nxd5 13. Bxd5 cxd4 14. Nxd4 Nf6
15. Bf3 Rc7 16. Qb3 Bc5 17. Bc3 O-O 18. Rd1 Qe8 19. O-O Bd7 20. Bb4 Ba4 21. Qa3
Bxd1 22. Rxd1 a5 23. Bxc5 Rxc5 24. Qb3 b5 25. Qd3 Qb8 26. Nb3 Rcc8 27. Nxa5
Rfd8 28. Qe2 Rxd1+ 29. Qxd1 Rd8 30. Qe1 Qc7 31. g3 Qc2 32. Qb4 Rd2 33. Qxb5
Qxb2 34. Qa6 h6 35. Nc4 Qa1+ 36. Kg2 Rxa2 37. Qc8+ Kh7 38. Qb7 Qe1 39. Be4+ Kh8
40. Qc8+ 1/2-1/2

[Event "XIV Weekend B"]
[Site "Porto Sant'Elpidio ITA"]
[Date "2011.11.20"]
[Round "2"]
[White "Marchetti, Michael"]
[Black "Skrijely, Edin"]
[Result "1-0"]
[WhiteElo "1629"]
[BlackElo "1737"]
[PlyCount "107"]
[EventDate "2011.11.19"]

1. Nf3 Nf6 2. b3 e6 3. Bb2 d5 4. d4 a6 5. e3 c5 6. c4 Nc6 7. Nbd2 cxd4 8. Nxd4
Bb4 9. a3 Bc5 10. N2f3 O-O 11. Rc1 Nxd4 12. Nxd4 Qe7 13. b4 Ba7 14. Be2 e5 15.
Nf3 d4 16. exd4 exd4 17. Bxd4 Bxd4 18. Qxd4 Rd8 19. Qe5 Be6 20. O-O Ng4 21. Qe4
Qc7 22. h3 Nf6 23. Qe5 Qxe5 24. Nxe5 Re8 25. f4 Ne4 26. Bf3 Ng3 27. Rfd1 Rab8
28. Kf2 Nf5 29. Bd5 Bxd5 30. Rxd5 f6 31. Nd7 Rbd8 32. Re1 Ne7 33. Rxe7 Rxe7 34.
Nxf6+ gxf6 35. Rxd8+ Kf7 36. Rd4 Kg6 37. g4 h6 38. c5 h5 39. Rc4 hxg4 40. hxg4
f5 41. g5 Re6 42. a4 Kf7 43. b5 Ke7 44. bxa6 Rxa6 45. Rb4 Ra7 46. Ke3 Ke6 47.
Kd4 Kf7 48. Ke5 Kg6 49. Rb6+ Kg7 50. Kxf5 Rxa4 51. Rxb7+ Kf8 52. c6 Ra5+ 53.
Kg4 Ke8 54. g6 1-0

[Event "XIV Weekend B"]
[Site "Porto Sant'Elpidio ITA"]
[Date "2011.11.20"]
[Round "2"]
[White "Marinucci, Johnny"]
[Black "Ramini, Luigi"]
[Result "1-0"]
[WhiteElo "1774"]
[BlackElo "1754"]
[PlyCount "53"]
[EventDate "2011.11.19"]

1. d4 d5 2. Bf4 Nf6 3. e3 c6 4. c4 e6 5. Nc3 Nbd7 6. Bd3 Qa5 7. Nf3 Bb4 8. Qc2
Ne4 9. Bxe4 dxe4 10. Ng5 Nf6 11. Be5 Ng4 12. Bf4 f5 13. f3 exf3 14. gxf3 Nf6
15. h4 h6 16. Nh3 Be7 17. Rg1 Nh5 18. O-O-O Bxh4 19. Be5 Rg8 20. Rg6 Bf6 21. f4
Kf7 22. Rdg1 Bg5 23. Nxg5+ Kxg6 24. Nxe6+ Kf7 25. Qxf5+ Nf6 26. Rxg7+ Ke8 27.
Qg6# 1-0

[Event "XIV Weekend B"]
[Site "Porto Sant'Elpidio ITA"]
[Date "2011.11.20"]
[Round "2"]
[White "Soricetti, Adriana"]
[Black "Silvestri, Giorgio"]
[Result "0-1"]
[WhiteElo "1388"]
[BlackElo "1730"]
[PlyCount "99"]
[EventDate "2011.11.19"]

1. e4 e6 2. Nf3 d5 3. exd5 exd5 4. d4 Bd6 5. Be2 Ne7 6. Nc3 c6 7. Bg5 O-O 8.
Qd2 f6 9. Bf4 Ng6 10. Bxd6 Qxd6 11. O-O b6 12. a4 a5 13. h3 Nf4 14. Bd1 Re8 15.
Ne2 Ng6 16. c3 Ba6 17. Re1 Nd7 18. Bc2 Kf7 19. Ng3 Ndf8 20. Nf5 Qc7 21. N5h4
Nf4 22. Nf5 Ne2+ 23. Kh1 Nf4 24. Ne3 g6 25. Ng4 h5 26. Ne3 Re7 27. Rad1 Rae8
28. b3 Bc8 29. Nh4 Qd7 30. Nf3 Qc7 31. c4 Nh7 32. Bb1 Ng5 33. Nxg5+ fxg5 34.
Rc1 Qd7 35. Kh2 Qc7 36. Kg1 dxc4 37. bxc4 Qd6 38. Ba2 c5 39. d5 Re4 40. Bb1 Rd4
41. Qc3 Bd7 42. Bc2 Re5 43. Rb1 Bxh3 44. g3 h4 45. gxf4 gxf4 46. Ng2 Bxg2 47.
Kxg2 Rg5+ 48. Kh3 Rh5 49. Rg1 Qd7+ 50. Kh2 {...} 0-1

[Event "XIV Weekend B"]
[Site "Porto Sant'Elpidio ITA"]
[Date "2011.11.20"]
[Round "2"]
[White "Vannicola, Roberto"]
[Black "Agostinelli, Matteo"]
[Result "0-1"]
[WhiteElo "1449"]
[BlackElo "1619"]
[PlyCount "136"]
[EventDate "2011.11.19"]

1. c4 e5 2. Nc3 Nf6 3. a3 c6 4. g3 d5 5. cxd5 cxd5 6. Bg2 Nc6 7. d3 Be6 8. e3
Rc8 9. Nge2 Bd6 10. O-O a6 11. b4 b5 12. Bd2 Qd7 13. Re1 Ne7 14. Rc1 O-O 15.
Na2 d4 16. Rxc8 Rxc8 17. Qb1 dxe3 18. fxe3 Nf5 19. Rc1 Rxc1+ 20. Naxc1 Qa7 21.
d4 Ng4 22. Qe4 Nf6 23. Qa8+ Qxa8 24. Bxa8 Ng4 25. dxe5 Bxe5 26. e4 Nd4 27. Nxd4
Bxd4+ 28. Kg2 Bb2 29. Bb7 Bxa3 30. Bxa6 Bc4 31. h3 Ne5 32. Kf2 Nc6 33. Ke3 Bxb4
34. Bxb4 Nxb4 35. Bb7 f6 36. Ne2 Kf7 37. Nc3 Ke6 38. Bc8+ Kd6 39. Bb7 g5 40.
Nb1 Kc7 41. Ba8 Kb8 42. Bd5 Nxd5+ 43. exd5 Bxd5 44. Nc3 Bc6 45. Kd4 Kc7 46. Kc5
f5 47. Nd1 f4 48. gxf4 gxf4 49. Nf2 Bd7 50. h4 h5 51. Kd4 f3 52. Ne4 Bf5 53.
Nd2 Bg4 54. Kc5 f2 55. Kxb5 f1=Q+ 56. Nxf1 Be2+ 57. Kc5 Bxf1 58. Kd4 Kd6 59.
Ke4 Ke6 60. Ke3 Kd5 61. Kf2 Ba6 62. Ke3 Ke5 63. Kf3 Kf5 64. Kg3 Bb7 65. Kh2 Kg4
66. Kg1 Kxh4 67. Kh2 Ba8 68. Kg1 Kg3 0-1

[Event "XIV Weekend B"]
[Site "Porto Sant'Elpidio ITA"]
[Date "2011.11.20"]
[Round "3"]
[White "Agostinelli, Matteo"]
[Black "Marinucci, Johnny"]
[Result "1-0"]
[WhiteElo "1619"]
[BlackElo "1774"]
[PlyCount "43"]
[EventDate "2011.11.19"]

1. d4 Nf6 2. c4 c6 3. Nc3 d5 4. Nf3 Bf5 5. e3 e6 6. Qb3 Qb6 7. Na4 Qxb3 8. axb3
Bc2 9. Nb6 Na6 10. Nxa8 Bb4+ 11. Bd2 O-O 12. Bxb4 Nxb4 13. Rxa7 Bxb3 14. Be2
Nc2+ 15. Kf1 Ne4 16. g3 g5 17. Kg2 dxc4 18. Nb6 g4 19. Ne5 c3 20. bxc3 Nxc3 21.
Bxg4 f5 22. Bh5 1-0

[Event "XIV Weekend B"]
[Site "Porto Sant'Elpidio ITA"]
[Date "2011.11.20"]
[Round "3"]
[White "Antognoni, Nicola"]
[Black "Vannicola, Roberto"]
[Result "0-1"]
[WhiteElo "1524"]
[BlackElo "1449"]
[PlyCount "150"]
[EventDate "2011.11.19"]

1. e4 c6 2. d4 d5 3. exd5 cxd5 4. Nf3 Nf6 5. c3 a6 6. Bd3 Bg4 7. O-O e6 8. Bg5
Be7 9. Nbd2 h6 10. Bh4 Nh5 11. Bxe7 Qxe7 12. Qa4+ Qd7 13. Qxd7+ Nxd7 14. h3
Bxf3 15. Nxf3 Nhf6 16. Rae1 O-O 17. Ne5 Nxe5 18. Rxe5 Nd7 19. Rh5 Nf6 20. Re5
Nd7 21. Re3 b5 22. f4 Nb6 23. b3 Rac8 24. Rff3 g6 25. Bc2 b4 26. g4 Rxc3 27.
Rxc3 bxc3 28. Rxc3 Rc8 29. Rxc8+ Nxc8 30. Bd3 a5 31. a3 Na7 32. b4 axb4 33.
axb4 Nc6 34. b5 Nxd4 35. Kf2 Nb3 36. b6 Nc5 37. Bb5 Kf8 38. Ke3 Ke7 39. Kd4 Kd6
40. Be8 f6 41. Bxg6 e5+ 42. fxe5+ fxe5+ 43. Ke3 Kc6 44. Bf7 d4+ 45. Kd2 Kxb6
46. Bc4 Kc6 47. h4 Kd6 48. g5 hxg5 49. hxg5 Ne4+ 50. Kd3 Nxg5 51. Ba6 Kc5 52.
Bb7 e4+ 53. Kc2 e3 54. Kd3 Nh3 55. Ba6 Nf2+ 56. Ke2 Kb4 57. Ke1 Kc3 58. Ke2 Ne4
59. Bb5 Nd6 60. Ba6 Nc4 61. Bb5 d3+ 62. Kd1 Nb2+ 63. Ke1 d2+ 64. Ke2 d1=Q+ 65.
Kxe3 Qd4+ 66. Kf3 Nc4 67. Bxc4 Kxc4 68. Ke2 Kc3 69. Kf3 Kd3 70. Kg2 Ke3 71. Kg3
Qf4+ 72. Kg2 Ke2 73. Kh1 Kf3 74. Kg1 Qd2 75. Kh1 Qg2# 0-1

[Event "XIV Weekend B"]
[Site "Porto Sant'Elpidio ITA"]
[Date "2011.11.20"]
[Round "3"]
[White "Morelli, Basilio"]
[Black "Marchetti, Michael"]
[Result "0-1"]
[WhiteElo "1524"]
[BlackElo "1629"]
[PlyCount "174"]
[EventDate "2011.11.19"]

1. d4 Nf6 2. c4 c6 3. Nc3 d5 4. cxd5 cxd5 5. Bf4 e6 6. e3 a6 7. Bd3 Bd6 8. Nge2
O-O 9. O-O b5 10. a3 Bb7 11. Rc1 Bxf4 12. Nxf4 Nbd7 13. f3 Nb6 14. b3 Qd6 15.
Ra1 Rac8 16. Nce2 Rfe8 17. Ng3 e5 18. Nfh5 Nxh5 19. Nxh5 exd4 20. exd4 Re3 21.
Qd2 Rce8 22. Rae1 Qe7 23. Rd1 Nc8 24. Ng3 Nd6 25. Nf5 Nxf5 26. Bxf5 Qxa3 27.
Rfe1 Qe7 28. Kf2 Rxe1 29. Rxe1 Qxe1+ 30. Qxe1 Rxe1 31. Kxe1 g6 32. Bd3 Kf8 33.
b4 Ke7 34. g4 Bc8 35. h3 h6 36. Kf2 g5 37. Kg3 Kd6 38. h4 f6 39. f4 Kc7 40.
hxg5 hxg5 41. fxg5 fxg5 42. Bf5 Bb7 43. Kf3 Kb6 44. Ke3 a5 45. bxa5+ Kxa5 46.
Kd3 Kb4 47. Bd7 Ba8 48. Be8 Bb7 49. Bd7 Ka5 50. Kc3 b4+ 51. Kb3 Ba6 52. Kb2 Bc4
53. Bc6 b3 54. Bd7 Kb4 55. Bc6 Ka5 56. Bd7 Kb4 57. Bc6 Ka5 58. Bd7 Ka6 59. Kc3
Kb6 60. Be8 Kc7 61. Ba4 Kd6 62. Be8 Be2 63. Bh5 Bc4 64. Be8 Kc7 65. Ba4 b2 66.
Kxb2 Be2 67. Kc3 Bxg4 68. Kd3 Kd6 69. Ke3 Ke6 70. Bc2 Bf5 71. Bd1 Be4 72. Bg4+
Bf5 73. Bd1 Kf6 74. Bf3 Be6 75. Be2 Kf5 76. Bd3+ Kg4 77. Be2+ Kg3 78. Bf1 Bh3
79. Be2 g4 80. Bd3 Bg2 81. Bf5 Bf3 82. Bg6 Kg2 83. Bh5 Kg3 84. Bg6 Kg2 85. Bh5
Kh3 86. Bg6 Bh1 87. Kf2 Kh2 0-1

[Event "XIV Weekend B"]
[Site "Porto Sant'Elpidio ITA"]
[Date "2011.11.20"]
[Round "3"]
[White "Piergentili, Roberto"]
[Black "Claudino Da Graca, Carlos"]
[Result "1/2-1/2"]
[WhiteElo "1735"]
[BlackElo "1616"]
[PlyCount "86"]
[EventDate "2011.11.19"]

1. d4 Nf6 2. c4 e6 3. Nc3 d5 4. cxd5 exd5 5. Bg5 Be7 6. e3 c6 7. Qc2 Bg4 8. Bd3
Nbd7 9. Nge2 Bxe2 10. Nxe2 Bb4+ 11. Nc3 Qa5 12. O-O O-O 13. Bh4 Rfe8 14. a3 Bd6
15. Rae1 Qc7 16. h3 g6 17. Rc1 Rac8 18. Qe2 a6 19. b4 Qb8 20. Qf3 Kg7 21. Rfd1
Be7 22. Bg3 Bd6 23. Bxd6 Qxd6 24. Na4 b5 25. Nc5 Nxc5 26. bxc5 Qc7 27. a4 Qe7
28. Ra1 Ra8 29. axb5 axb5 30. Qe2 Ra7 31. Ra2 Rea8 32. Rda1 Rxa2 33. Rxa2 Qb7
34. Qb2 Rxa2 35. Qxa2 Nd7 36. Qb2 f5 37. f3 Nf6 38. g4 fxg4 39. hxg4 Qc7 40.
Kg2 Kg8 41. Qa2 Kg7 42. Qb2 Kg8 43. Qa2 Kg7 1/2-1/2

[Event "XIV Weekend B"]
[Site "Porto Sant'Elpidio ITA"]
[Date "2011.11.20"]
[Round "3"]
[White "Ramini, Luigi"]
[Black "Bonoli, Luciano"]
[Result "1-0"]
[WhiteElo "1754"]
[BlackElo "1764"]
[PlyCount "107"]
[EventDate "2011.11.19"]

1. d4 Nf6 2. Bg5 e6 3. e4 Be7 4. Nd2 d6 5. Bd3 c6 6. c3 O-O 7. Qc2 Ng4 8. Bxe7
Qxe7 9. Ndf3 f5 10. O-O-O fxe4 11. Bxe4 Nf6 12. Bd3 h6 13. Nh4 Qc7 14. h3 d5
15. Ne2 e5 16. dxe5 Ne4 17. Bxe4 dxe4 18. Qxe4 Be6 19. Nf4 Bxa2 20. Nhg6 Re8
21. Qd4 Na6 22. Qd7 Qxd7 23. Rxd7 b6 24. Ne7+ Kh7 25. Nf5 Rg8 26. Rhd1 Nc5 27.
Re7 Raf8 28. g4 Nb3+ 29. Kc2 Nc5 30. Rd6 Bb3+ 31. Kb1 Rf7 32. Rxf7 Bxf7 33. b4
Ne4 34. Rd7 Bg6 35. Nxg6 Kxg6 36. Ne7+ Kf7 37. Nxg8+ Kxg8 38. Rd3 Nxf2 39. Rf3
Ne4 40. Kc2 a5 41. e6 Nf6 42. h4 axb4 43. e7 Kf7 44. g5 hxg5 45. hxg5 Kxe7 46.
gxf6+ gxf6 47. cxb4 Ke6 48. Kd3 f5 49. Rf1 Ke5 50. Ra1 Kd5 51. Ra8 f4 52. Rd8+
Ke5 53. Rb8 b5 54. Rf8 1-0

[Event "XIV Weekend B"]
[Site "Porto Sant'Elpidio ITA"]
[Date "2011.11.20"]
[Round "3"]
[White "Renzetti, Leonardo"]
[Black "Soricetti, Adriana"]
[Result "1-0"]
[WhiteElo "1709"]
[BlackElo "1388"]
[PlyCount "78"]
[EventDate "2011.11.19"]

1. Nf3 c5 2. g3 Nc6 3. Bg2 d6 4. O-O e5 5. d3 Nf6 6. e4 Be7 7. c3 O-O 8. Ne1
Bd7 9. f4 Bg4 10. Nf3 Qd7 11. f5 h6 12. h3 Bxf3 13. Qxf3 Bd8 14. Na3 Ne7 15. g4
d5 16. h4 Bb6 17. Kh2 Nh7 18. g5 Qd6 19. gxh6 g6 20. f6 Nxf6 21. Qxf6 Qxf6 22.
Rxf6 Bd8 23. Rd6 d4 24. cxd4 exd4 25. Bg5 Re8 26. Rd7 b6 27. Nb5 Nc6 28. e5 Re6
29. Bxc6 Rxc6 30. Rxd8+ Rxd8 31. Bxd8 Rc8 32. Bg5 a6 33. Nd6 b5 34. Rf1 Rc7 35.
h7+ Kxh7 36. Rxf7+ Rxf7 37. Nxf7 Kg7 38. Nd6 Kf8 39. e6 Kg7 1-0

[Event "XIV Weekend B"]
[Site "Porto Sant'Elpidio ITA"]
[Date "2011.11.20"]
[Round "3"]
[White "Silvestri, Giorgio"]
[Black "Basso, Fabrizio"]
[Result "1-0"]
[WhiteElo "1730"]
[BlackElo "1754"]
[PlyCount "37"]
[EventDate "2011.11.19"]

1. d4 Nf6 2. c4 e6 3. Nf3 d5 4. Nc3 c5 5. cxd5 exd5 6. g3 Be7 7. Bg2 cxd4 8.
Nxd4 Nc6 9. O-O O-O 10. Nxc6 bxc6 11. Qc2 Rb8 12. Bf4 Bd6 13. Bxd6 Qxd6 14.
Rfd1 Qb4 15. b3 Re8 16. Na4 Qb5 17. e3 Ne4 18. Rac1 Re6 19. Bxe4 1-0

[Event "XIV Weekend B"]
[Site "Porto Sant'Elpidio ITA"]
[Date "2011.11.20"]
[Round "3"]
[White "Skrijely, Edin"]
[Black "Maggiore, Francesco"]
[Result "0-1"]
[WhiteElo "1737"]
[BlackElo "1751"]
[PlyCount "38"]
[EventDate "2011.11.19"]

1. e4 e6 2. Bc4 d5 3. exd5 exd5 4. Bb3 Nc6 5. d3 Nf6 6. h3 Be7 7. Bg5 h6 8. Bh4
O-O 9. Nf3 Bb4+ 10. c3 Re8+ 11. Kd2 Be7 12. Bxf6 Bxf6 13. g4 d4 14. Ne1 Qe7 15.
h4 Bxh4 16. Rxh4 Qxh4 17. Qf3 dxc3+ 18. Nxc3 Qg5+ 19. Kc2 Nd4+ 0-1

[Event "XIV Weekend B"]
[Site "Porto Sant'Elpidio ITA"]
[Date "2011.11.26"]
[Round "4"]
[White "Agostinelli, Matteo"]
[Black "Renzetti, Leonardo"]
[Result "1-0"]
[WhiteElo "1619"]
[BlackElo "1709"]
[PlyCount "131"]
[EventDate "2011.11.19"]

1. d4 Nf6 2. c4 c5 3. d5 e6 4. Nc3 exd5 5. Nxd5 Nxd5 6. Qxd5 d6 7. Nf3 Nc6 8.
Ng5 Qf6 9. Ne4 Qd4 10. Bd2 Be6 11. Qxd4 Nxd4 12. Rc1 O-O-O 13. e3 Nc6 14. Ng5
Be7 15. Nxe6 fxe6 16. Be2 Kc7 17. O-O Bf6 18. Bc3 Bxc3 19. Rxc3 Rhf8 20. f4 Ne7
21. g4 Rf7 22. Rf3 Rdf8 23. Rh3 g6 24. Rc1 b6 25. Rf1 d5 26. b3 Kd6 27. Rhf3 a5
28. h4 h5 29. Rg3 hxg4 30. Bxg4 Nf5 31. Bxf5 gxf5 32. Kf2 Rh7 33. Rh1 Rfh8 34.
Rgh3 d4 35. exd4 cxd4 36. Ke2 Kc5 37. Kd3 Rh5 38. a3 Rd8 39. Re1 Rd6 40. Re5+
Kc6 41. b4 axb4 42. axb4 Kd7 43. c5 bxc5 44. Rxc5 Rb6 45. Rc4 Ra6 46. Rxd4+ Ke7
47. Kc4 Ra1 48. Kb5 Rh8 49. Kb6 Rb1 50. Kb7 Rh7 51. Kb6 Rh8 52. h5 Kf6 53. h6
Rh7 54. b5 Rc1 55. Ra4 Rcc7 56. Ka6 Rb7 57. b6 Rb8 58. Kb5 Rhb7 59. Ra6 Rd7 60.
Kc6 Rdd8 61. b7 Kg6 62. Kc7 Kh7 63. Rxe6 Rf8 64. Re7+ Kh8 65. Rg3 Rfd8 66. Rgg7
1-0